MARC details
| 000 -CABECERA |
| campo de control de longitud fija |
01691nam a22003017a 4500 |
| 003 - IDENTIFICADOR DEL NÚMERO DE CONTROL |
| campo de control |
DO-SdBNP |
| 005 - FECHA Y HORA DE LA ÚLTIMA TRANSACCIÓN |
| campo de control |
20240322203027.0 |
| 007 - CAMPO FIJO DE DESCRIPCIÓN FÍSICA--INFORMACIÓN GENERAL |
| campo de control de longitud fija |
ta |
| 008 - DATOS DE LONGITUD FIJA--INFORMACIÓN GENERAL |
| campo de control de longitud fija |
210621b 2021 dr 00| 0 eng d |
| 040 ## - FUENTE DE LA CATALOGACIÓN |
| Centro catalogador/agencia de origen |
DO-SdBNP |
| Lengua de catalogación |
spa |
| Centro/agencia transcriptor |
BNPHU |
| 082 #4 - NÚMERO DE LA CLASIFICACIÓN DECIMAL DEWEY |
| Número de clasificación |
630.97293 |
| Número de documento/Ítem |
S211n |
| Número de edición |
22 |
| 100 1# - ENTRADA PRINCIPAL--NOMBRE DE PERSONA |
| Nombre de persona |
Sánchez Roa, Adriano, |
| Fechas asociadas al nombre |
1956- |
| 9 (RLIN) |
78919 |
| 245 10 - MENCIÓN DE TÍTULO |
| Título |
La nueva agricultura / |
| Mención de responsabilidad, etc. |
Adriano Sánchez Roa ; prólogo Hipólito Mejía Domínguez. |
| 260 ## - PUBLICACIÓN, DISTRIBUCIÓN, ETC. |
| Lugar de publicación, distribución, etc. |
Santo Domingo : |
| Nombre del editor, distribuidor, etc. |
Corripio, |
| Fecha de publicación, distribución, etc. |
2021. |
| 300 ## - DESCRIPCIÓN FÍSICA |
| Extensión |
375 p. : |
| Otras características físicas |
il.,gráfcs., mapas, retrs. ; |
| Dimensiones |
23 cm. |
| 500 ## - NOTA GENERAL |
| Nota general |
Incluye datos biográficos del autor en las solapas |
| 500 ## - NOTA GENERAL |
| Nota general |
Incluye índice |
| 500 ## - NOTA GENERAL |
| Nota general |
Incluye referencias bibliográficas y notas al pie de las páginas |
| 504 ## - NOTA DE BIBLIOGRAFÍA, ETC. |
| Nota de bibliografía, etc. |
Bibliografía : p. 370-375 |
| 505 0# - NOTA DE CONTENIDO CON FORMATO |
| Nota de contenido con formato |
Plan producción agroalimentaria para reducir la pobreza ( PAREP)-- |
| Título |
Metas concretas -- |
| -- |
Sustentados en los avances, recuperar el éxito del pasado -- |
| -- |
El despojo, la concentración de la tierra y la base para reforma agraria -- |
| -- |
Surgimiento de la reforma agraria -- |
| -- |
La legislación agraria “72 ”, -- |
| -- |
El abandono del programa agrario y la consentración de la tierra -- |
| -- |
Balance: 58 años de reforma agraria -- |
| -- |
¿Qué hacer ahora en la reforma agraria? -- |
| -- |
Propuesta de ley general del sector agropecuario y el desarrollo rural . |
| 590 ## - NOTA LOCAL (RLIN) |
| Nota local |
Inventariado, 2021 /LP<br/><br/> |
| 590 ## - NOTA LOCAL (RLIN) |
| Nota local |
La biblioteca posee 1 ejemplar autografiado por el autor. |
| 650 #4 - PUNTO DE ACCESO ADICIONAL DE MATERIA--TÉRMINO DE MATERIA |
| Término de materia o nombre geográfico como elemento de entrada |
Agricultura |
| Subdivisión geográfica |
República Dominicana |
| 9 (RLIN) |
1568 |
| 650 #4 - PUNTO DE ACCESO ADICIONAL DE MATERIA--TÉRMINO DE MATERIA |
| Término de materia o nombre geográfico como elemento de entrada |
Agricultura |
| Subdivisión general |
Innovaciones tecnológicas |
| Subdivisión geográfica |
República Dominicana |
| 9 (RLIN) |
82534 |
| 700 1# - PUNTO DE ACCESO ADICIONAL--NOMBRE DE PERSONA |
| Nombre de persona |
Mejía, Hipólito, |
| Fechas asociadas al nombre |
1941- |
| Término indicativo de función/relación |
pról. |
| 9 (RLIN) |
78920 |
| 910 ## - DATOS DE OPCIÓN DEL USUARIO (OCLC) |
| Datos de opción del usuario |
Lopérez/Validado. Control de calidad MFF |
| 942 ## - ELEMENTOS DE PUNTO DE ACCESO ADICIONAL (KOHA) |
| Fuente del sistema de clasificación o colocación |
Dewey Decimal Classification |
| Tipo de ítem Koha |
Libro |